000 00780nam a22002417a 4500
001 7090
003 FISKH
005 20250826102735.0
008 250620b cb ||||| |||| 00| 0 eng d
020 _a9781604728354
040 _aFISKH
_beng
_cFISKH
_dFISKH
050 _aTL230.15 .A73
082 _a 629.224
100 _aArmentrout, David
245 _aTrucks :
_bTransportation /
_cDavid and Patricia Armentrout
260 _aFlorida :
_bRourke,
_c1962.
300 _a24 pages :
_bcolor illustrations ;
_c19 x 20 cm
520 _aPhotographs and text provide information about many different types of trucks and the work they do.
650 _aMachines
_vTransportation
_xEducational
700 _aArmentrout, Patricia
_eAuthor
942 _2ddc
_cBK
_n0
999 _c7090
_d7090